000 00252nam a22001217a 4500
003 SGT
082 _a823
_bKAP
100 _aKAPUR MANJU
245 _aDIFFICULT DAUGHTERS
260 _aU.K
_bFABER & FABER PUB
_c2010
300 _a282
942 _2ddc
_cBK
999 _c33563
_d33563